Flagi państw graniczących z Arabią Saudyjską - Statystyki

Ogólne statystyki
  • Ten quiz został rozwiązany 86 razy
  • Średni wynik to 6 z 7
Statystyki odpowiedzi
Obrazkowy Odpowiedź % Poprawnych
Katar
96%
Irak
95%
Zjednoczone Emiraty Arabskie
93%
Jemen
92%
Oman
91%
Jordania
85%
Kuwejt
83%
Nie znaleziono quizów pasujących do podanych kryteriów
Rozkład punktacji
Procent ludzi z każdym wynikiem
Percentyl według liczby udzielonych odpowiedzi
Twoja historia wyników
Nie rozwiązałeś tego quizu